| 000 | 00348nam a2200121Ia 4500 | ||
|---|---|---|---|
| 008 | 220204s9999 xx 000 0 und d | ||
| 082 |
_a347:331.817 _bMUT;2 |
||
| 245 | 0 | _aSwamy's compilation of the revised leave rules (corrected upto 1st March, 1963) | |
| 250 | _aEd.3 | ||
| 260 |
_aNew Delhi _bSwamy _c1963 |
||
| 700 | _aMUTHUSWAMY, P | ||
| 942 | _cBK | ||
| 999 |
_c19269 _d19269 |
||